00447nam a2200157Ia 4500008004100000020001800041082001700059100004600076245005300122250000700175260003500182300002300217500001900240600001500259650001500274240925s9999 xx 000 0 und d a9789385919084 a658.3005 CAM aCamen, Michael Muller-; Croucher, Richard 0aHuman Resource Management: a case study approach aNA aNew Delhi:bViva Booksc,2016. a301p.b0fOriginal aIncludes Index aManagement aManagement